00493nam a22001457a 4500999001900000005001700019008004100036040001300077082002000090245007700110260004200187300001100229942000800240952009900248 c115177d11517720220113152821.0191224b ||||| |||| 00| 0 eng d cPK-LaUMT a346.00264bUNR- aUnreported Cases [U.C, Vol. VII, 1986]cedited by M. Farani. . .[et al.] aLahore:bNational Law Reporter,c1986 a600 p. cLPJ 00104070a01b01d2019-12-24l0o346.00264 UNR-p132760r2019-12-24 00:00:00w2019-12-24yBK